00558 a2200157 45000010006000000050017000060080041000230030015000640400040000790800053001192450045001722640034002173000019002515050108002701000022003785468520260407155821.0260407a1980 arg spa dAR-UNSa-BCEJYS aAR-UNSa-BCEJYSbspacAR-UNSa-BCEJYS a331xTrabajo. Empleo. Organización del trabajo10aPatria sindical versus patria socialista 1aBuenos Aires :bDepalmac1980 a113 p.c20 cm. aI. "Patria sindicalista" versus "Patria socialista" - II. Vientos de violencia - III. Tiempo de derrota1 aGarcía, Roberto